00977cam a22002771i 4500001001300000003000400013005001700017008004100034010001700075035001900092040003100111042001200142050002200154051001800176082001200194086001600206100003400222245005900256260004900315300005300364410005700417500004900474500011400523504002900637651003300666gs 60000205 DLC20260227111409.0780407s1960 dcuab b f000 0 eng  ags 60000205  a(OCoLC)3787827 aDLCcOClUdISSdOCoLCdDLC apremarc00aQE75b.P9 no. 351 aGB2430.A4bM4 a551.3120 aI 19.16:3511 aMeier, Mark Frederick,d1925-10aMode of flow of Saskatchewan Glacier, Alberta, Canada. aWashington :bU.S. Govt. Print. Off.,c1960. aix, 70 p. :bill., maps (1 fold. col.) ;c29 cm.20aGeological Survey (U.S.).tProfessional paper ;v351 aPart of illustrative matter fold. in pocket. a"Measurement and analysis of ice movement, deformation, and structural features of a typical valley glacier." aBibliography : p. 67-68. 0aSaskatchewan Glacier (Alta.)